000 00473nam a22001457a 4500
003 SGT
082 _a617.3
_bE24S
100 _aSAIKIA, SUKANYAA
245 _aEFFECTIVENESS OF MCKENZIE EXERCISES ALONG WITH AEROBIC EXERCISES ON CERVICAL POSTURE RANGE OF MOTION, DAYTIME SLEEPINESS, ANXIETY AMONG PATIENTS WITH OBSTRUCTIVE SLEEP APNEA SYNDROME
260 _aGURUGRAM
_bSGT UNIVERSITY
_c2024
300 _a108
650 _aORTHOPEDICS
653 _aMPT
942 _2ddc
_cTH
999 _c32233
_d32233